| 000 | 00760nam a2200265Ia 4500 | ||
|---|---|---|---|
| 005 | 20250425161934.0 | ||
| 008 | 250425s9999 xx 000 0 und d | ||
| 020 | _a9684223013 | ||
| 041 | _aspa | ||
| 082 | _a658.314 | ||
| 100 | _aKOPELMAN, RICHARD E. | ||
| 245 | 0 | _aADMINISTRACION DE LA PRODUCTIVIDAD EN LAS ORGANIZACIONES: PERSPECTIVA PRACTICA ORIENTADA HACIA LAS PERSONAS | |
| 250 | _a1A ED. | ||
| 260 | _aMEXICO | ||
| 260 |
_aMéxico _bMCGRAW-HILL _c1988 |
||
| 300 | _a362 | ||
| 500 | _aTítulo Traducido: MANAGING PRODUCTIVITY IN ORGANIZATIONS | ||
| 650 | _aEFICIENCIA | ||
| 650 | _aLIDERAZGO | ||
| 650 | _aPRODUCTIVIDAD | ||
| 650 | _aRENDIMIENTO DEL TRABAJO | ||
| 700 |
_aFEDERICO LING _etraductor |
||
| 942 | _c01 | ||
| 010 | _a35762 | ||
| 999 |
_c219237 _d219237 |
||